|
|
|
|
| LEADER |
00000nab a2200000 a 4500 |
| 001 |
vtls000688547 |
| 003 |
SK-MaSNL |
| 005 |
20260304075503.0 |
| 008 |
180205c1999 xo 0 slo |
| 015 |
|
|
|a SNBRB1999/03-06598
|
| 035 |
|
|
|a CLN000040714
|
| 040 |
|
|
|a SNKBUCL
|b slo
|c SNKBUCL
|e AACR2
|
| 041 |
0 |
|
|a slo
|
| 044 |
|
|
|a xo
|c SK
|
| 080 |
|
|
|a 658.114
|2 UDC-MRF-SK2
|
| 100 |
1 |
|
|a Birley, Sue
|4 aut
|9 1365929
|
| 245 |
1 |
0 |
|a Príležitosť stojí však za to?
|b rozbehnutie nového podniku je predovšetkým otázkou postrehnutia a podchytenia príležitosti na podnikanie ...
|c Sue Birleyová
|
| 300 |
|
|
|b Obr.
|
| 650 |
0 |
7 |
|a podnikanie
|2 snkbucl
|9 1757
|
| 655 |
|
7 |
|a články z novín a časopisov
|2 snkbucl
|9 267496
|
| 773 |
0 |
|
|t Profit
|g Roč. 7, č. 11 (1999)
|
| 773 |
0 |
|
|t [Príl.] Mastering enterprise
|g Č. 2 (1999), s. 2-5
|
| 850 |
|
|
|a Slovenská národná knižnica v Martine
|
| 852 |
|
|
|a SNK
|b KIS3GCP
|
| 958 |
|
|
|a RBX
|
| 999 |
|
|
|c 2781721
|d 2783651
|